| 000 | 00781nas a2200265 4500 | ||
|---|---|---|---|
| 001 | BR0802582 | ||
| 003 | BR-BrBNA | ||
| 005 | 20231205112026.0 | ||
| 007 | ta | ||
| 008 | 230509b bl.|||p| |||| 00| 00por d | ||
| 040 |
_aBR-BrBNA _bpor _cBiblioteca Nacional de Agricultura |
||
| 041 | _a(En) | ||
| 072 | _aH10; L60 | ||
| 100 | 1 | _aBarreto, M. | |
| 100 | 1 | _aBurbano, M.E. | |
| 100 | 1 | _aBarreto, P. | |
| 245 | 1 | _aThe bee mite Metittiphis alvearius (Berlese)(Acari: Laelapidae)in Colombia, South America | |
| 650 | _aINSETO | ||
| 650 | _aÁCARO | ||
| 650 | _aABELHA | ||
| 650 | _aCOLÔMBIA | ||
| 773 | 0 |
_tNeotropical Entomology (Brazil) _xISSN 1519-566X _g(Jan-Feb 2004), v. 33(1) p. 107-108 _wBR0802582 |
|
| 909 |
_a202311 _bLúcia _c55 _dLúcia Elande |
||
| 942 |
_2AGRIS _n0 _cANA |
||
| 999 |
_c195689 _d195689 |
||